Catálogo público

Identificación y caracterización de la mosca de higo Ficus carica L. en Texcoco, México / (Record no. 220023)

MARC details
000 -CABECERA
campo de control de longitud fija 02551nam a2200337 a 4500
003 - IDENTIFICADOR DEL NÚMERO DE CONTROL
campo de control OSt
005 - FECHA Y HORA DE LA ÚLTIMA TRANSACCIÓN
campo de control 20240729160017.0
007 - CAMPO FIJO DE DESCRIPCIÓN FÍSICA--INFORMACIÓN GENERAL
campo de control de longitud fija cr ||||||a|c|a
008 - DATOS DE LONGITUD FIJA--INFORMACIÓN GENERAL
campo de control de longitud fija 240626s2021 mx a|||fom||| 001 0 spa d
040 ## - FUENTE DE LA CATALOGACIÓN
Normas de descripción rda
100 1# - ENTRADA PRINCIPAL--NOMBRE DE PERSONA
9 (RLIN) 189265
Nombre de persona Tovar Suárez, Marco Antonio
245 10 - MENCIÓN DE TÍTULO
Título Identificación y caracterización de la mosca de higo Ficus carica L. en Texcoco, México /
Mención de responsabilidad, etc. por Marco Antonio Tovar Suárez: director de tesis Oscar Morales Galván; secretario Néstor Bautista Martínez; vocal Ricardo Meráz Álvarez; suplente Andrés Bolaños Espinoza; Robero Abraham Ocampo Ruiz.
264 #1 - PRODUCCIÓN, PUBLICACIÓN, DISTRIBUCIÓN, FABRICACIÓN Y COPYRIGHT
Producción, publicación, distribución, fabricación y copyright Chapingo, México :
Nombre del de productor, editor, distribuidor, fabricante El autor,
Fecha de producción, publicación, distribución, fabricación o copyright 2021.
300 ## - DESCRIPCIÓN FÍSICA
Extensión 1 recurso en línea (27 páginas):
Otras características físicas figuras.
336 ## - TIPO DE CONTENIDO
Fuente rdacontent
Término de tipo de contenido texto
Código de tipo de contenido txt
337 ## - TIPO DE MEDIO
Fuente rdamedia
Nombre/término del tipo de medio computadora
Código del tipo de medio c
338 ## - TIPO DE SOPORTE
Fuente rdacarrier
Nombre/término del tipo de soporte recurso en línea
Código del tipo de soporte cr
502 ## - NOTA DE TESIS
Tipo de título Ingeniero Agrónomo Especialista en Parasitología Agrícola
Nombre de la institución que otorga el título Departamento de Enseñanza, Investigación y Servicio en Parasitología Agrícola,
Año de obtención del título 2021.
Información miscelánea Licenciatura
504 ## - NOTA DE BIBLIOGRAFÍA, ETC.
Nota de bibliografía, etc. Incluye referencias bibliográficas: páginas 18-21.
520 ## - SUMARIO, ETC.
Sumario, etc. A finales de 2019 y principios de 2020 se detectaron daños en frutos de higo en el municipio de Texcoco, Estado de México. Por lo anterior, se realizaron muestreos semanales en estos huertos, y se seleccionaron frutos que exhibieron daños por insectos, tal como áreas necróticas, galerías o cambios de coloración, los que se llevaron al laboratorio de Entomología Agrícola del Colegio de Postgraduados; los frutos se colocaron en cámara de cría hasta la emergencia de adultos. Los dípteros machos se disectaron para extraer la genitalia, misma que se empleó en la identificación, adicionalmente, se recolectaron larvas y pupas para realizar su descripción morfológica. Mediante claves dicotómicas se identificó a la especie como Silba adipata McAlpine (Diptera: Lonchaeidae). En este trabajo, se describe morfológicamente los estados biológicos de S. adipata y se discuten aspectos sobre las posibles implicaciones económicas a los productores de higo.
650 #4 - PUNTO DE ACCESO ADICIONAL DE MATERIA--TÉRMINO DE MATERIA
9 (RLIN) 55347
Término de materia o nombre geográfico como elemento de entrada Higo
Subdivisión general Plagas
650 #7 - PUNTO DE ACCESO ADICIONAL DE MATERIA--TÉRMINO DE MATERIA
9 (RLIN) 189266
Término de materia o nombre geográfico como elemento de entrada Silba adipata
Subdivisión general Identificación
650 #4 - PUNTO DE ACCESO ADICIONAL DE MATERIA--TÉRMINO DE MATERIA
9 (RLIN) 189267
Término de materia o nombre geográfico como elemento de entrada Silba adipata
Subdivisión general Fisiología y morfología
700 1# - PUNTO DE ACCESO ADICIONAL--NOMBRE DE PERSONA
9 (RLIN) 78271
Nombre de persona Morales Galván, Oscar
Término indicativo de función/relación Director de tesis.
700 1# - PUNTO DE ACCESO ADICIONAL--NOMBRE DE PERSONA
9 (RLIN) 10930
Nombre de persona Bautista Martínez, Nestor
Término indicativo de función/relación Secretario.
700 1# - PUNTO DE ACCESO ADICIONAL--NOMBRE DE PERSONA
9 (RLIN) 74869
Nombre de persona Meraz Alvarez, Ricardo
Término indicativo de función/relación Vocal.
700 1# - PUNTO DE ACCESO ADICIONAL--NOMBRE DE PERSONA
9 (RLIN) 13468
Nombre de persona Bolaños Espinoza, Andrés
Término indicativo de función/relación Suplente.
700 1# - PUNTO DE ACCESO ADICIONAL--NOMBRE DE PERSONA
9 (RLIN) 82612
Nombre de persona Ocampo Ruiz, Roberto Abraham
Término indicativo de función/relación Suplente.
856 ## - LOCALIZACIÓN Y ACCESO ELECTRÓNICOS
Identificador Uniforme del Recurso http://10.13.5.2/tesis/tl/2021_PA_Tovar_Suarez_MarcoAntonio.pdf
Nota pública DESCARGAR PDF
942 ## - ELEMENTOS DE PUNTO DE ACCESO ADICIONAL (KOHA)
Fuente del sistema de clasificación o colocación Clasificación Universidad Autónoma Chapingo
Tipo de ítem Koha Tesis digital
Holdings
Estado de retiro Estado de pérdida Fuente del sistema de clasificación o colocación Estado dañado Restricciones de uso No para préstamo Código de colección Localización permanente Ubicación/localización actual Ubicación en estantería Fecha de adquisición Total de préstamos Signatura topográfica completa Fecha visto por última vez Precio válido a partir de Tipo de ítem Koha
    Clasificación Universidad Autónoma de Chapingo   Préstamo interno   Tesis digitales de Licenciatura Biblioteca Digital Biblioteca Digital En línea 26/06/2024   Tesis digital 26/06/2024 26/06/2024 Tesis digital